| Tag |
First Indicator |
Second Indicator |
Subfields |
| LEADER |
00000cam a2200000 4500 |
| 001 |
in00000061288 |
| 005 |
20151008051643.0 |
| 008 |
740626s1953 nyu 00000 eng u |
| 010 |
|
|
|a 53006110
|
| 035 |
|
|
|a (OCoLC)00929751
|
| 035 |
|
|
|9 AAG9217AM
|
| 040 |
|
|
|c HRM
|d TXA
|d UtOrBLW
|
| 049 |
|
|
|a TXAM
|c [217331]
|
| 050 |
|
0 |
|a HB3711
|b .H316
|
| 082 |
0 |
|
|a 338.54
|
| 092 |
|
|
|a 338.54
|b H249r
|
| 100 |
1 |
|
|a Hansen, Alvin H.
|q (Alvin Harvey),
|d 1887-1975.
|
| 245 |
1 |
0 |
|a Readings in business cycles and national income /
|c [edited by] Alvin H. Hansen and Richard V. Clemence.
|
| 250 |
|
|
|a [1st ed.].
|
| 264 |
|
1 |
|a New York :
|b Norton,
|c [1953]
|
| 264 |
|
4 |
|c [©1953]
|
| 300 |
|
|
|a 588 pages :
|b illustrations ;
|c 22 cm.
|
| 336 |
|
|
|a text
|b txt
|2 rdacontent
|
| 337 |
|
|
|a unmediated
|b n
|2 rdamedia
|
| 338 |
|
|
|a volume
|b nc
|2 rdacarrier
|
| 490 |
0 |
|
|a Norton readings in economics
|
| 650 |
|
0 |
|a Business cycles.
|
| 650 |
|
0 |
|a Income.
|
| 700 |
1 |
|
|a Clemence, Richard V.
|q (Richard Vernon)
|
| 999 |
|
|
|a MARS
|
| 999 |
f |
f |
|s b2a962d9-179e-355e-9365-772088505c5c
|i 3d483aca-a613-303a-91eb-613327839062
|t 0
|
| 952 |
f |
f |
|p ric
|a Texas A&M University
|b Rellis Campus
|c Joint Library Facility
|d Remote Storage
|t 0
|e HB3711 .H316
|h Library of Congress classification
|i unmediated -- volume
|m A14800769033
|
| 998 |
f |
f |
|a HB3711 .H316
|t 0
|l Remote Storage
|